000 00869cam a22002658a 4500
008
020 _a9780470711224 (hbk. )
049 _aMAIN
090 _aTK5103.2
_bGLI
100 1 _aGlisic, Savo G.
245 1 0 _aAdvanced wireless communications and internet :
_bfuture evolving technologies /
_cSavo G. Glisic.
250 _a3rd ed.
260 _aChichester :
_bWiley ,
_c2011.
300 _axvii,929 p. :
_bill. ;
_c26 cm.
504 _aIncludes bibliographical references.
500 _alncludes index.
650 0 _aWireless communication systems
_xTechnological innovations.
650 0 _aInternet.
650 7 _aTechnology and engineering / Telecommunications
_2bisacsh.
907 _a.b10312250
_b24-10-17
_c20-04-12
003
005 20230123122313.0
040 _cNUST
942 _cBOOKS
_kTK5103.2
_mGLI
999 _c131320
_d131320